000 00481nam a2200169 i 4500
001 88214
003 ES-MaACL
005 20230906175824.0
007 t|
008 050103s1957 sp ||||1| spa d
100 1 _aLaiglesia, Álvaro de.
_969667
245 1 3 _aLa gallina de los huevos de plomo /
_cAlvaro de Laiglesia.
250 _a[3ª ed.].
260 _aBarcelona :
_bPlaneta,
_c[1957] (
_fImp. Pulcra)
300 _a383 p. ;
_c19 cm.
852 _aES-MaACL
_jC-13400
_bR.40345
999 _c88214
_d88214